000 00385nam a2200133Ia 4500
005 20260326235444.0
008 260326s9999||||xx |||||||||||||| ||und||
100 _aJopling, Carol F.
245 0 _aPuerto Rican House in SocioHistórical Perspective /
_cCarol F. Jopling
260 _bUniversity of Tennessee Press
300 _a300 p.
650 _aARQUITECTURA RESIDENCIAL
942 _cBK
999 _c7505
_d7505